00768cam a2200217 a 450000500170000000800410001701000150005802000180007304000450009104100080013610000240014424501340016826000420030230000390034450400530038365000270043665000170046365000180048065000310049870000210052920161129072543.0161129s2011 enka fr 001 0 eng d a2010924630 a9780415454933 aCO-BoUCMcSandra PalaciodSandra Palacio0 aeng1 aBhaskar, Royd1944-10aReclaiming realityba critical introduction to contemporary philosophycRoy Bhaskar ; con nueva introducción por Mervyn Hartwig aLondres (Inglaterra)bRoutledgec2011 axvii, 218 páginasbilustraciones aIncluye referencias bibliográficas e índices17aRealismo xFilosofía27aOntología 27aRacionalismo 27aTeoría del conocimiento 1 aHartwig, Mervyn